Yo soy el amor = Io sono l'amore = I Am in Love /
Narración del declive de una acaudalada familia en el Milán de finales del siglo XX. A la par que el patriarca cede el gobierno de la empresa familiar a su hijo y a su nieto, su esposa tiene un romance con el mejor amigo de su hijo, por quien el muchacho tiene un gran amor.
Shranjeno v:
| Glavni avtor: | |
|---|---|
| Drugi avtorji: | , , , , , , , |
| Format: | |
| Jezik: | italijanščina |
| Teme: | |
| Oznake: |
Brez oznak, prvi označite!
|
MARC
| LEADER | 00000ngm^a2200000^a^4500 | ||
|---|---|---|---|
| 001 | 000317881 | ||
| 005 | 20250521000000.0 | ||
| 009 | 20260310113356.284 | ||
| 037 | |a Acervo ITESO - Biblioteca | ||
| 041 | |a ITA | ||
| 082 | |a 850. |b GUA | ||
| 100 | |a Guadagnino, Luca |e (realización) | ||
| 240 | 1 | 1 | |a [Yo soy el amor] |
| 245 | 1 | 0 | |a Yo soy el amor = |b Io sono l'amore = I Am in Love / |c Realización de L. Guadagnino. |
| 246 | 2 | |a Título en la cubierta: I Am in Love | |
| 246 | 2 | |a Título en la pantalla: Yo soy el amor | |
| 264 | 2 | |a Los Angeles, EUA : |b Magnolia Pictures [distribución], |c 2010, c2010 | |
| 300 | |a 1 DVD región 1 (120 min.) : |b color | ||
| 336 | |a imagen móvil bidimensional |b tdi |2 rdacontenido | ||
| 337 | |a video |b v |2 rdamedio | ||
| 338 | |a videodisco |b vd |2 rdasoporte | ||
| 520 | |a Narración del declive de una acaudalada familia en el Milán de finales del siglo XX. A la par que el patriarca cede el gobierno de la empresa familiar a su hijo y a su nieto, su esposa tiene un romance con el mejor amigo de su hijo, por quien el muchacho tiene un gran amor. | ||
| 546 | |a En italiano, con subtítulos opcionales: español, inglés | ||
| 586 | |a Premio BAFTA, de la Academia Británica de Cine y Televisión (64°: 2010): Mejor Película en Lengua No Inglesa (finalista) | ||
| 586 | |a Premio Globo de Oro, de la Asociación de la Prensa Extranjera de Hollywood (68°: 2010): Mejor Película en Lengua No Inglesa (finalista) | ||
| 586 | |a Diseño de Indumentaria y Moda: Premio Oscar, de la Academia Norteamericana de Cine (83°: 2010): Mejor Diseño de Vestuario (finalista: Antonella Cannarozzi) | ||
| 649 | |a XX | ||
| 650 | |a Burguesía en el Cine | ||
| 650 | |a Burguesía - |z Milán, Italia | ||
| 650 | |a Familia en el Cine | ||
| 650 | |a Melodramas | ||
| 650 | |a Dramas Cinematográficos | ||
| 650 | |a Cine Italiano - |y 2000-2009 | ||
| 650 | |a Cine Italiano - |y Siglo XXI | ||
| 650 | |a Sucesión en los Negocios | ||
| 650 | |a Infidelidad | ||
| 650 | |a Amor | ||
| 650 | |a Relaciones Intergénero | ||
| 650 | |a Relaciones de Pareja | ||
| 650 | |a Relaciones Familiares | ||
| 700 | |a Alberti, Barbara |e (guión) | ||
| 700 | |a Le Saux, Yorick |e (fotógrafo) | ||
| 700 | |a Cannarozzi, Antonella |e (vestuario) | ||
| 700 | |a Fasano, Walter |e (montaje) | ||
| 700 | |a Adams, John |e (música) | ||
| 700 | |a Swinton, Tilda |e (actuación) | ||
| 700 | |a Parenti, Flavio |e (actuación) | ||
| 700 | |a Biscaglia, Antonio |e (actuación) | ||
| 910 | |a Fondo General | ||
| 920 | |a Audiovisuales - DVDs | ||
| 940 | |a Películas | ||
| 905 | |a 302 | ||
| 901 | |a 0500209983 |b IT2 |c DVS |i C128838 |u 20250521 | ||
| 902 | |a https://opac.biblio.iteso.mx/vufind/Record/000317881 | ||